000
00340nam a2200157Ia 4500
008
210707s1968 xx 000 0 und d
041
_a
eng
082
_a
512 GODA
100
_a
GODEMENT (Roger)
245
_a
Algebra.
260
_a
France
_b
Hermann
_c
1968
300
_a
638 p
563
_a
HB
650
_a
Algebra
906
_a
Algebra
999
_c
179938
_d
179938